Tyler the Creator Songs - Statistics

General Stats
  • This quiz has been taken 119 times
  • The average score is 64 of 128
Answer Stats
Answer % Correct
See You Again
88%
ARE WE STILL FRIENDS?
81%
GONE GONE / THANK YOU
81%
IGOR'S THEME
79%
EARFQUAKE
78%
She
78%
NEW MAGIC WAND
76%
911 / Mr Lonely
74%
St Chroma
74%
Wolf
74%
Bastard
72%
RUN
72%
Sticky
72%
Balloon
71%
CHERRY BOMB
71%
Goblin
71%
Hey Jane
71%
A BOY IS A GUN
69%
Like Him
69%
PUPPET
69%
Rah Tah Tah
69%
Take Your Mask Off
69%
I THINK
67%
Judge Judy
67%
Noid
67%
RUNNING OUT OF TIME
67%
Thought I Was Dead
67%
EXACTLY WHAT YOU RUN FROM YOU END UP CHASING
66%
WHAT'S GOOD
66%
I DON'T LOVE YOU ANYMORE
64%
IFHY
64%
Darling, I
62%
Tomorrow
62%
CORSO
60%
I Hope You Find Your Way Home
60%
SWEET / I THOUGHT YOU WANTED TO DANCE
60%
Yonkers
60%
Answer
59%
I Killed You
59%
Where this Flower Blooms
57%
Her
55%
Lone
55%
SIR BAUDELAIRE
55%
Boredom
53%
DEATHCAMP
53%
Foreword
53%
Glitter
53%
Tamale
53%
Who Dat Boy
53%
November
52%
SORRY NOT SORRY
52%
Pigs
50%
Sarah
50%
Domo23
48%
HOT WIND BLOWS
48%
SAFARI
48%
Slater
48%
Tron Cat
48%
WUSYANAME
48%
BUFFALO
47%
Cowboy
47%
DOGTOOTH
47%
Jamba
47%
SMUCKERS
47%
Sometimes...
47%
WILSHIRE
47%
Awkward
45%
Blow
45%
Colossus
45%
F*CKING YOUNG / PERFECT
45%
Garden Shed
45%
JUGGERNAUT
45%
LEMONHEAD
45%
MASSA
45%
Treehome95
45%
WHARF TALK
45%
48
43%
FIND YOUR WINGS
43%
LUMBERJACK
43%
PartyIsntOver / Campfire / Bimmer
43%
PILOT
43%
Pothole
43%
RUNITUP
43%
Enjoy Right Now, Today
41%
Fish
41%
MANIFESTO
41%
Pigs Fly
41%
Rusty
41%
Trashwang
41%
Droppin Seeds
40%
French
40%
MOMMA TALK
40%
Odd Toddlers
40%
OKAGA, CA
40%
Parking Lot
40%
Radicals
40%
RISE
40%
Transylvania
40%
AssMilk
38%
Nightmare
38%
2SEATER
36%
AU79
36%
Golden
36%
Inglorious
36%
Steak Sauce
36%
Tina
36%
Analog
34%
BLESSED
34%
BLOW MY LOAD
34%
BSD
34%
KEEP DA O'S
34%
VCR / Wheels
34%
I Ain't Got Time
33%
Seven
33%
Window
33%
BOYFRIEND, GIRLFRIEND
31%
Burger
31%
HEAVEN TO ME
31%
Jack and the Beanstalk
31%
Session
29%
THE BROWN STAINS
29%
Untitled 63
29%
Sandwiches
28%
Slow it Down
28%
WHAT A DAY
28%
Parade
26%
STUNTMAN
26%
EVERYTHING MUST GO
24%
No matching quizzes found
Score Distribution
Percent of People with Each Score
Percentile by Number Answered
Your Score History
You have not taken this quiz